000 00964nam a2200277 a 4500
001 BRL_911
005 20190320210941.0
008 231013s1957----mx-a######---#000-0#spa-#
041 _aspa
044 _amx
050 4 _aF1219.76
_b.R66 1957
100 1 _aRomero Q., Javier
_925303
245 1 0 _aTezcatlipoca es el Oztoteotl de Chalma
_bToponímia
_cpor Javier romero Q. ; dibujos Edmundo Calderón.
260 _aToluca, Mex.
_bGobierno del Estado de México, Dirección de Turismo
_c1957
300 _a61 p.
_bil.
_c23 cm.
500 _aAu1041
500 _aEn la encudernación : ´Año de la constitución de 1857 y del pensamiento Liberal Mexicano´
504 _aBibliografía: p. 61
650 1 4 _aAztecas
_xReligión
_95290
651 4 _aChalco (México)
_xAntigüedades
_925304
651 4 _aMalinalco (México)
_xAntigüedades
_925305
700 1 _aCalderón, Edmundo
_eil.
_925306
740 0 _aChalma y Malinalco
902 _aGRL
942 _2lcc
_cB
999 _c9723
_d9723